=LDR 00000nam 2200000 4500 =001 INLIS000000000045796 =990 ##$$a 21306387 =990 ##$$a 21306388 =005 20241106010844 =990 ##$$a 0001/BPAP-NTB/20142015 =990 ##$$a 0001/BPAP-NTB/20142015 =035 ##$$a 0010-021500000000356 =990 ##$$a 0001/BPAP-NTB/20142015 =990 ##$$a 0001/BPAP-NTB/20142015 =008 241106################a##########0#ind## =990 ##$$a 21421746 =990 ##$$a 21421746 =020 ##$$a 978-979-010-462 -4 =990 ##$$a 21421742 =990 ##$$a 21306388 =040 ##$$a NBPDMAT =990 ##$$a 21421742 =082 ##$$a 028.5 =090 ##$$a 028.5 $b Bun a =100 ##$$a Bunda Nanit =245 1#$$a Agung si Gunung /$c Bunda Nanit dan Jodhi P. Giriarso =250 ##$$a Cet.1 =260 ##$$a Jakarta :$b Bumi Aksara,$c 2008 =300 ##$$a 32 hlm. : $b ilus. ; $c 19 cm. =650 #4$$a Bacaan kanak - Kanak =700 #$$a Jodhi P. Giriarso =850 ##$$a NBPDMAT =084 ##$$a 028.5 BUN a =990 ##$$a 0001/BPAP-NTB/20142015 =990 ##$$a 0001/BPAP-NTB/20142015 =990 ##$$a 21421746 =990 ##$$a 21306388 =990 ##$$a 21421742 =990 ##$$a 21306388 =990 ##$$a 0001/BPAP-NTB/20142015 =990 ##$$a 0001/BPAP-NTB/20142015 =990 ##$$a 21421746 =990 ##$$a 21421742 =990 ##$$a 01810181 =990 ##$$a 21306387 =990 ##$$a 0001/BPAP-NTB/20142015 =990 ##$$a 0001/BPAP-NTB/20142015 =990 ##$$a 21421746 =990 ##$$a 21306388 =990 ##$$a 21421742